Catalysis by polymers by E A Bekturov and S E Kudaibergenov (Record no. 1214741)

MARC details
000 -LEADER
fixed length control field 01096nam a2200301Ia 4500
003 - CONTROL NUMBER IDENTIFIER
control field OSt
005 - DATE AND TIME OF LATEST TRANSACTION
control field 20221007125131.0
008 - FIXED-LENGTH DATA ELEMENTS--GENERAL INFORMATION
fixed length control field 221006b |||||||| |||| 00| 0 eng d
020 ## - INTERNATIONAL STANDARD BOOK NUMBER
International Standard Book Number 3857391219 (hbd)
037 ## - SOURCE OF ACQUISITION
Terms of availability Textual
040 ## - CATALOGING SOURCE
Original cataloging agency CDL
Transcribing agency CDL
Language of cataloging eng
041 ## - LANGUAGE CODE
Source of code eng
Language code of text/sound track or separate title eng
100 ## - MAIN ENTRY--PERSONAL NAME
Personal name Bekturov E A
9 (RLIN) 721599
245 #0 - TITLE STATEMENT
Title Catalysis by polymers by E A Bekturov and S E Kudaibergenov
Remainder of title Kudaibergenov S E
260 ## - PUBLICATION, DISTRIBUTION, ETC.
Place of publication, distribution, etc. Heidelberg
Name of publisher, distributor, etc. Huthig Wepf Verlag Zug
Date of publication, distribution, etc. 1996
300 ## - PHYSICAL DESCRIPTION
Extent vi, 153p
Dimensions cm.
500 ## - GENERAL NOTE
General note Includes bibliographical references; Index 151-153; ^n23/CSL/Carc/97-98/6040^d1998-02-18^mPurchase; ; 97-98/371^b1998-03-04^c125^d1998-03-03^eLibco Book Distributors; ; 1998-03-17^bSB^c1998-07-14^r1998-09-04
650 ## - SUBJECT ADDED ENTRY--TOPICAL TERM
Topical term or geographic name entry element Catalysis
9 (RLIN) 717744
650 ## - SUBJECT ADDED ENTRY--TOPICAL TERM
Topical term or geographic name entry element Manipulation
9 (RLIN) 710013
650 ## - SUBJECT ADDED ENTRY--TOPICAL TERM
Topical term or geographic name entry element Chemistry
700 ## - ADDED ENTRY--PERSONAL NAME
Personal name Kudaibergenov S E
9 (RLIN) 721600
942 ## - ADDED ENTRY ELEMENTS (KOHA)
Classification part E:88, N6
Koha item type Textual
Source of classification or shelving scheme Colon Classification (CC)
Holdings
Withdrawn status Lost status Source of classification or shelving scheme Damaged status Not for loan Home library Current library Date acquired Source of acquisition Total Checkouts Full call number Barcode Date last seen Price effective from Koha item type
    Colon Classification (CC)     Department of Chemistry Library Department of Chemistry Library 2022-10-07 Libco,   E:88 N6 CD0006262 2022-10-07 2022-10-07 Textual
Copyright @ Delhi University Library System